000 00303nam a22001331a 4500
020 _a9788120707986
082 _a150
_bMAN/G
100 _aMangal S K
245 _aGeneral Psychology/
_cby Mangal S K
260 _aNew Delhi:
_bSterling,
_c1996.
300 _a304p.
650 _aPsychology
942 _cBK
999 _c15782
_d15782